000 00765nam a2200193Ii 4500
003 JO-AjNU
008 230605s9999||||xx |||||||||||||| ||und||
040 _aJO-AjNU
_bara
_erda
_cJO-AjNU
041 _aara
050 1 4 _aHF1002.G42.1997
100 3 _aتأليف غالي، وجدي رزق ؛ جاك آدم م. مشارك,
_eauthor
_929942
245 0 0 _aمعجم مصطلحات العلوم التجارية : إنكليزي-عربي = A dictionary of business terms : english-arabic 
264 3 1 _aبيروت: مكتبة لبنان، 1997
300 _a426ص
336 _atext
_btxt
_2rdacontent
337 _aunmediated
_bn
_2rdamedia
338 _avolume
_bnc
_2rdacarrier
650 4 _aالتجارة -- معاجم -- التجارة -- مصطلحات
_929943
999 _aA11808
_c15376
_d15376